000 01021nac a22003137a 4500
001 BR8807059
003 BR-BrBNA
005 20240105120901.0
008 230509b bl.|||m| |||| 00| 0 por d
040 _aBR-BrBNA
_bpor
_cBiblioteca Nacional de Agricultura
072 _aL10; E21; E70
090 _a7600 BR8807059
110 1 _aEmpresa de Pesquisa Agropecuaria do Rio Grande do Norte S.A., Natal (Brasil)
111 1 _a6. Encontro Nacional de Sericicultura
_cNatal, RN (Brazil)
_d29-31 Jul 1986
245 1 _aAnais do 6. Encontro Nacional de Sericicultura
260 3 _aNatal, RN (Brasil):
_c1987.
300 _a119 p.
490 _aDocumentos - Empresa de Pesquisa Agropecuaria do Rio Grande do Norte S.A. (Brazil)
_vno. 16
_x
650 _aSERICICULTURA
650 _aCOOPERATIVA
650 _aAMORA
650 _aCASULO
650 _aSEDA
650 _aINDUSTRIA AGRICOLA
650 _aMERCADO
650 _aEXPORTACAO
909 _a202312
_bLúcia Elande
_c55
_dLúcia Elande
942 _2AGRIS
_n0
_cMS
999 _c281992
_d281992